00428 2200169 4500001002100000008004100021035002000062245003300082100002000115260002800135300002600163020002200189084001400211082000800225650001000233990001500243INLIS000000000003286 ind  a0010-1225000107 aGanjil GenapcAlmira Bastari aBastari, Almira aJakartabGramediac2024 a344 hlmc13,5 x 20 cm a978-602-0638-01-0 a813 ALM g a813 aFiksi a19761/B/26